000 01025nam a22003017a 4500
003 CHAP
005 20220329134546.0
008 971013s1983 r 00010 d
010 _a22195
011 _a23167
035 _a27262
040 _cCHAP
082 _a631.43
_bC65
100 0 0 _aColindres Selva, Rafael.
_925186
245 _aDinámica de suelos y estructuras
_b: aplicadas a la ingeniería sísmica
260 _aMéxico, D. F. :
_bLimusa,
_c1983
300 _a648 p.
_b: ilus.
590 _aBATCH-UPD
_b10
_c20130110
_lUCH01
_h1526
590 _aBATCH-UPD
_b10
_c20130410
_lUCH01
_h0935
590 _aBATCH-UPD
_b10
_c20130914
_lUCH01
_h1009
590 _aCONVERSION
_b10
_c20130109
_lUCH01
_h1313
650 1 4 _aSuelos
_xEstructura.
_9110360
650 1 4 _aSuelos
_xFísica de.
_9110373
901 _aBK
942 _cLIBRO
949 _a631.43 C65
_bBC
_cLIBRO
_d33724000069217
_eLIBRO
_fc.2
_gI.125446
_h64182
_i27262
_si
_t278.40
949 _a631.43 C65
_bBC
_cLIBRO
_d33724000678199
_eLIBRO
_gI.125445
_h64181
_i27262
_si
_t278.40
999 _c22195
_d22195